000 00769cam a2200301 4500
008 090401t1997 xxu||||| |||| 00| 0 eng d
020 _a1860811728
035 _a(Sirsi) u87680
041 _aeng
050 _a693.5
100 _aTeychenne, D.C.
245 _aDesign of normal concrete mixes.
250 _a2nd ed.
260 _aLondon
_bCRC Ltd.
_c1997
300 _av,38p. ; 30cm.
350 _a20
490 _aBR
_v331
520 _a2nd edition amended by B.K. Marsh.
650 _aCONCRETE
650 _aPORTLAND CEMENT
690 _aBUILT ENVIRONMENT-BUILDING MATERIALS
700 _aFranklin, R.E.
700 _aErntroy, H.C.
700 _aMarsh, B.K.
710 _aBuilding Research Establishment
942 _n0
948 _c28/07/1998
999 _c97263
_d97263